| 000 | 00480nam a2200169Ia 4500 | ||
|---|---|---|---|
| 999 |
_c28901 _d28901 |
||
| 003 | OSt | ||
| 005 | 20201231092847.0 | ||
| 008 | 190216s9999||||xx |||||||||||||| ||und|| | ||
| 040 | _coclc | ||
| 082 |
_a894.812301 _bVAL/O |
||
| 100 |
_aVallicode, Anil _98001 |
||
| 245 | 0 |
_aOnnaya Ninneyiha / _cAnil Vallicode |
|
| 260 |
_bHaritham Books, _aCalicut: _c2005. |
||
| 300 | _a64p | ||
| 650 | _aKathakal | ||
| 942 |
_cBK _2ddc _h894.812301 _iVAL/O _k894.812301 _mVAL/O |
||